Guess the singer - U - Statistics

General Stats
  • This quiz has been taken 35 times
  • The average score is 3 of 10
Answer Stats
Hint Answer % Correct
With or Without You U2
94%
Red Red Wine UB40
74%
Yeah! Usher
74%
Teenage Kicks The Undertones
23%
Born Slippy Underworld
23%
Follow Me Uncle Kracker
13%
Doctor Doctor UFO
6%
Writing on the Walls Underoath
3%
So Good at Being in Trouble Unknown Mortal Orchestra
3%
Set Me Free Utopia
0%
No matching quizzes found
Score Distribution
Percent of People with Each Score
Percentile by Number Answered
Your Score History
You have not taken this quiz